[Event "Debrecen"]
[Site "Debrecen"]
[Date "1989.??.??"]
[Round "?"]
[White "Oll, Lembit"]
[Black "Eingorn, Vereslav"]
[Result "1-0"]
[WhiteElo "2510"]
[BlackElo "2570"]
[Annotator "ChessBase"]
[PlyCount "43"]
[EventDate "1989.06.??"]
[EventType "tourn"]
[EventRounds "11"]
[EventCountry "HUN"]
[EventCategory "12"]
[Source "ChessBase"]
[SourceDate "1990.02.01"]

1. e4 e6 2. d4 d5 3. Nc3 Bb4 4. e5 Ne7 5. a3 Bxc3+ 6. bxc3 c5 7. Qg4 Kf8 $6 {
Alekhine; ECO 18/7,46} 8. a4 (8. h4 {ECO 18/7,46} Qa5 9. Bd2 Qa4 10. Kd1 (10.
h5 h6 11. Rh3 Nbc6 12. Rf3 Nxe5 13. Qf4 Nxf3+ 14. Nxf3 c4 $17 {
Kveinis,A-Tatabadze,T/Belgorod GMA-qual/1989/0-1/43/  -> TD 1989/II}) 10...
Nbc6 11. Nf3 Bd7 12. h5 h6 13. Qf4 $14 {
ECO 18/7,46; Vasiukov,E-Lahti/Uppsala/1956/}) (8. Qd1 b6 9. Nf3 h6 (9... Ba6
10. Bxa6 Nxa6 11. O-O cxd4 12. cxd4 Rc8 13. Bb2 Nb8 14. Qd3 Qc7 15. Rfc1 Qc4
16. Qd2 Nbc6 17. a4 Na5 18. Ba3 Qc7 19. Qf4 Kg8 20. Nd2 h6 21. c3 Qd7 22. Bb4 {
1/2-1/2; Rogers,I-Chernin,A/London Lloyds Bank/1989/}) 10. a4 Ba6 {
Kindermann,S-Eingorn,V/Debrecen/1989/1/2-1/2/19/ -> CBM14}) (8. Nf3 Qa5 9. Bd2
Qa4 10. Ra2 b6 (10... Nbc6 11. Bd3 b6 12. O-O Ba6 13. Bxa6 Qxa6 14. dxc5 bxc5
15. Rb1 h6 16. h4 Rb8 17. Rxb8+ Nxb8 18. Rb2 Nd7 19. a4 Nc6 20. Qf4 Nb6 21. Be3
Nxa4 22. Ra2 d4 23. cxd4 Qc4 $13 {
Szalanczy,E-Tatai,S/Dortmund-C/1989/1/2-1/2/39/  -> TD 1989/V}) 11. Bd3 (11.
Qf4 h6 12. dxc5 Qxf4 13. Bxf4 bxc5 14. Be3 Nd7 15. Rb2 c4 16. g3 Nc6 17. Bd4
Ke7 18. Bg2 Ba6 19. Kd2 Rhc8 20. Re1 Rab8 21. Ra2 Rb7 $15 {
Ernst,T-Eingorn,V/Tallinn/1989/0-1/57/}) 11... Ba6 {
1/2-1/2; Blatny,P-Chernin,A/CSR-chI Prague/1989/} 12. O-O) (8. dxc5 Nbc6 9. Nf3
Qc7 10. Be2 Nxe5 11. Nxe5 Qxe5 12. Qf3 Qc7 13. O-O Qxc5 14. a4 Qc7 15. Ba3 Bd7
16. c4 dxc4 17. Rfd1 {Vitolinsh,A-Tabatadze,T/Frunze op/1-0/50/  -> TD 1989/IX}
) 8... Qc7 9. Nf3 cxd4 (9... b6 10. Ba3 h6 11. Bd3 Ba6 12. O-O Kg8 13. a5 Bxd3
14. cxd3 Nd7 15. c4 Kh7 16. cxd5 Nxd5 17. Qe4+ g6 18. Rfc1 $16 {
Arnason,J-Eingorn,V/Reykjavik/1989/1-0/39/  -> CBM13}) 10. Qxd4 Nbc6 11. Qe3
Nf5 12. Qf4 (12. Qc5+ $5 Kg8 13. Bb5 Bd7 14. Bf4 h6 $13 15. Qa3 Nce7 16. g4 $6
Ng6 $1) 12... g5 $2 (12... h6 $1 {/\ Nce7}) 13. Qxg5 Nxe5 14. Qf6 $1 $16 Nxf3+
15. gxf3 Rg8 16. Ba3+ Ke8 17. O-O-O Qd8 $2 (17... a6 18. Bd3 Qd8 19. Qe5 $16)
18. Bb5+ $18 Bd7 19. Bxd7+ Kxd7 (19... Qxd7 $2 20. Rhg1 $1) 20. Qxf7+ Ne7 21.
Rhe1 Rg6 22. Rxe6 1-0

[Event "Debrecen"]
[Site "Debrecen"]
[Date "1989.??.??"]
[Round "?"]
[White "Oll, Lembit"]
[Black "Gelfand, Boris"]
[Result "1/2-1/2"]
[WhiteElo "2510"]
[BlackElo "2600"]
[Annotator "ChessBase"]
[PlyCount "63"]
[EventDate "1989.06.??"]
[EventType "tourn"]
[EventRounds "11"]
[EventCountry "HUN"]
[EventCategory "12"]
[Source "ChessBase"]
[SourceDate "1990.02.01"]

1. e4 c5 2. Nf3 d6 3. d4 cxd4 4. Nxd4 Nf6 5. Nc3 a6 6. Bg5 e6 7. f4 Nc6 8. Nxc6
bxc6 9. e5 h6 10. Bh4 (10. exf6 hxg5 11. fxg5 gxf6 12. Qf3 d5 13. O-O-O fxg5
14. Bc4 g4 $1 $17 {Hector,J-Oll,L/Debrecen/1989/0-1/ -> CBM14}) 10... g5 (10...
dxe5 $6 11. Qxd8+ Kxd8 12. fxe5 g5 13. O-O-O+ $14) 11. fxg5 Nd5 12. Ne4 (12.
Nxd5 cxd5 13. Qh5 Qb6 14. Be2 Bg7 15. Rf1 Ra7 16. Bf2 d4 17. O-O-O dxe5 $15 {
Sakharov-Odeev/corr/1989/}) 12... Qb6 $1 (12... dxe5 13. Nf6+ Nxf6 14. Qxd8+
Kxd8 15. gxf6 $14) 13. c3 dxe5 14. Bg3 hxg5 15. Bxe5 Rh4 16. Bd3 f5 $5 {
16...Qe3; 16...Bb7} 17. Nd2 Bc5 (17... Qxb2 18. O-O Ne3 19. Qf3 $13) 18. Qe2
Qxb2 19. Rb1 Qxa2 20. g3 Rh7 (20... Rh6 $5 21. c4 Nb4) 21. c4 Ne3 22. Qf3 Bd7
23. Ke2 Qa3 24. Ra1 Qb4 25. Rab1 Qa3 26. h4 $6 (26. Bb2 $5 Qa2 27. Bc3 Qa3 28.
Rb3 Qa2 29. h4) 26... Ng4 27. Bb2 Qa5 28. hxg5 Rxh1 29. Qxh1 O-O-O 30. Nb3 Qb6
31. Nxc5 Qxc5 32. Qg1 1/2-1/2

[Event "Debrecen"]
[Site "Debrecen"]
[Date "1989.??.??"]
[Round "?"]
[White "Oll, Lembit"]
[Black "Uhlmann, Wolfgang"]
[Result "1/2-1/2"]
[WhiteElo "2510"]
[BlackElo "2515"]
[PlyCount "45"]
[EventDate "1989.06.??"]
[EventType "tourn"]
[EventRounds "11"]
[EventCountry "HUN"]
[EventCategory "12"]
[Source "ChessBase"]
[SourceDate "1990.02.01"]

1. e4 e6 2. d4 d5 3. Nc3 Bb4 4. e5 c5 5. a3 Bxc3+ 6. bxc3 Ne7 7. Qg4 O-O 8. Bd3
f6 9. exf6 Rxf6 10. Bg5 Rf7 11. Qh4 h6 12. Bxe7 Qxe7 13. Qg3 c4 14. Bg6 Rf6 15.
Nf3 Nc6 16. O-O Bd7 17. Rfe1 Be8 18. Bxe8 Rxe8 19. Ne5 Nxe5 20. Rxe5 Rf5 21. a4
Rxe5 22. Qxe5 Qf6 23. Qc7 1/2-1/2

[Event "URS-ch56"]
[Site "Odessa"]
[Date "1989.??.??"]
[Round "?"]
[White "Dolmatov, Sergey"]
[Black "Oll, Lembit"]
[Result "1-0"]
[WhiteElo "2615"]
[BlackElo "2550"]
[Annotator "ChessBase"]
[PlyCount "115"]
[EventDate "1989.09.??"]
[EventType "tourn"]
[EventRounds "15"]
[EventCountry "URS"]
[EventCategory "13"]
[Source "ChessBase"]
[SourceDate "1999.07.01"]

1. e4 e6 2. d4 d5 3. Nc3 Bb4 4. e5 c5 5. a3 Bxc3+ 6. bxc3 Ne7 7. Nf3 Qa5 8. Bd2
Nbc6 9. Be2 cxd4 10. cxd4 Qa4 11. Rb1 $1 (11. Bd3 b6 12. Qe2 Nxd4 13. Nxd4 Qxd4
14. O-O Nc6 15. Rae1 $1 Bd7 16. Qh5 O-O-O 17. Qxf7 Rdf8 18. Qh5 Be8 19. Qh3 Bd7
$146 {Ehlvest-Dokhojan, Erevan, 1988}) (11. Bc3 $6 b6 $1 12. Qd3 a5 $15 13. O-O
(13. Qd2 Ba6 14. Bxa6 Rxa6 15. O-O O-O 16. Rfe1 Raa8 17. Re3 Rac8 18. h4 Na7
19. h5 h6 $15 {DeFirmian-Garcia Martinez Dubai ol 1986}) 13... Ba6 14. Qd2 Bxe2
15. Qxe2 Qc4 $1 16. Qd2 O-O 17. Rfb1 $6 b5 $17 {Hazai-Nogueiras Szirak 1986}) (
11. c3 $6 Qxd1+ 12. Kxd1 Na5 13. Kc2 Bd7 14. a4 {
Pritchett-Garcia Martinez/Dubai ol/1986/} Nc8 $1 $15 {(Psakhis)}) (11. Be3 $6
b6 12. Qd3 a5 $1 $15 (12... Nb4 13. Qb5+ Qxb5 14. Bxb5+ Nbc6 15. Bd2 Bd7 16.
Ba6 f6 17. exf6 gxf6 $132 {Short-Korchnoi Brussels 1986}) 13. Qb5 Qxc2 14. Rc1
Qa2 15. Qxb6 Rb8 16. Qc7 Rb1 $36 {(Garcia Martinez)}) 11... Nxd4 12. Bd3 Ndc6
$1 13. Rb3 $1 {Dolmatov} (13. O-O $6 Qxa3 $1 14. Rb3 Qc5 15. Bc1 Na5 16. Ba3
Qc7 17. Bd6 Qd8 18. Rb4 f5 19. c4 Nac6 20. Rb2 {
Dolmatov-Henley New York op 1989}) (13. Qc1 b6 14. Bb5 $5 Qe4+ 15. Kf1 a5 16.
Kg1 Ba6 17. Bxc6+ Nxc6 18. Rxb6 Nxe5 19. Nxe5 Qxe5 20. h4 $1 {
Ehlvest-Huebner Shelleftea 1989}) 13... Nf5 $6 (13... a6 $5 $146 {(Psakhis)}) (
13... O-O $2 14. Bxh7+ $1 $18) (13... Qg4 $2 14. h3 $1) (13... b6 14. Bb5 Qe4+
15. Re3 {(Dolmatov)}) 14. O-O Nfd4 $2 (14... O-O 15. Bb5 Qg4 16. h3 $16 {
(Dolmatov)}) (14... a6 $5 {(Dolmatov)}) 15. Nxd4 Qxd4 16. Re1 $36 Qh4 $6 (16...
O-O 17. Bxh7+ $6 (17. Qh5 $40) 17... Kxh7 18. Qh5+ Kg8 19. Rh3 f5 20. Qh7+ Kf7
21. Bh6 Rg8 22. Rg3 Nxe5 $1 23. Rxg7+ (23. Bxg7 Nf3+) 23... Rxg7 24. Qxg7+ Ke8
$10 {(Dolmatov)}) 17. Bb5 $1 Bd7 18. Rg3 Qd4 (18... Nxe5 $2 19. Bg5 $18) 19.
Bxc6 (19. Rg4 $5 Qc5 20. a4 $40 {(Dolmatov)}) 19... Bxc6 20. Rxg7 O-O-O 21.
Rxf7 Rdf8 22. Rxf8+ Rxf8 23. Be3 Qxd1 24. Rxd1 $16 {(Psakhis)} b6 25. Rd4 Rf5
26. Bf4 Rf7 27. f3 Rc7 28. Bd2 Bb5 29. c3 Rc4 30. Kf2 Rxd4 31. cxd4 Kd7 32. Bh6
(32. h4 $5 h5 33. Ke3 Ke7 34. Kf4 Kf7 35. Kg5 Bf1 36. g4 Be2 37. Kxh5 Bxf3 38.
Kg5 {(Dolmatov/Dvorecki)} Kg7 39. h5 Be4 40. Kh4 Bh7 41. g5) 32... Ke8 33. h4
Kf7 34. h5 Ba4 35. g4 Bd1 36. Bg5 b5 (36... Ke8 $142 37. Kg3 Be2 38. Bd2 Kf7
39. Bb4 a5 40. Bd2 Bd1 41. f4 Be2 42. Kh4 Bd1 43. Kg5 a4 (43... Be2 44. a4 $1
Bd1 45. f5 Bxa4 46. Kh6 exf5 (46... Bd1 47. g5 exf5 48. e6+ Kg8 49. g6 hxg6 50.
Kxg6 $18 {(Dolmatov/Dvorecky)}) 47. gxf5 Bc2 48. e6+ $1 Kf6 49. Bg5+ Kxf5 50.
e7 Ba4 51. Kxh7 $1 Kxg5 52. h6 $18 {(Dolmatov/Dvorecky)}) 44. f5 Be2 (44... Bc2
45. fxe6+ Kxe6 46. Kh6) 45. Bb4 Bd1 46. Bd6 Be2 47. Bc7 b5 48. Ba5 Bd1 49. Bd2
Be2 50. Kh4 Bd3 (50... Bd1 51. g5 exf5 52. g6+ hxg6 53. h6 $18 {
(Dolmatov/Dvorecky)}) 51. fxe6+ Kxe6 52. g5 Kf7 (52... Kf5 53. Kg3 $1 Be2 54.
g6 hxg6 55. h6) 53. Kg3 $1 (53. g6+ $2 hxg6 54. h6 g5+ 55. Kxg5 Bc2 56. Bc1 (
56. Kf4 Kg6 57. Kf3 Bf5 58. Ke2 b4 $1 59. axb4 a3 60. b5 a2 61. Bc3 Kxh6 62.
Kd2 Kg6 63. Kc1 Kf7 64. Kb2 Bd7 65. b6 Bc8 66. Kxa2 Ke6 $10 {
(Dolmatov/Dvorecky)}) 56... Bd3 (56... Be4 $1 $10) 57. Kf4 Kg6 58. Ke3 Bf5 59.
Ke2 Bd7 (59... b4 $2 60. axb4 Bd7 (60... a3 61. Bxa3 Kxh6 62. b5 Kg6 63. b6 Bc8
64. e6 $18 {(Dolmatov/Dvorecky)}) 61. Kf3 a3 62. e6 $3 (62. Bxa3 $2 Kxh6 63. e6
Bxe6 64. Kf4 Kg6 65. Ke5 Bd7 $1 $10 {(Dolmatov/Dvorecky)}) 62... Bxe6 63. b5 a2
64. Bb2 Kxh6 65. Kf4 Kg6 66. Ke5 Bd7 67. b6 Bc6 68. Kd6 Ba8 69. Kc7 Kf5 70. b7
Bxb7 71. Kxb7 Ke4 72. Kc6 $18 {(Dolmatov/Dvorecky)}) 60. Kd3 b4 $1 61. axb4
Bb5+ 62. Kc2 Kh7 $10 {(Dolmatov/Dvorecky)}) 53... Bc2 (53... Be2 54. g6+ hxg6 (
54... Kg8 55. Kh4 hxg6 56. h6 $18 {(Dolmatov/Dvorecky)}) 55. h6 g5 56. e6+ Kg8
57. Bxg5 $18 {(Dolmatov/Dvorecky)}) 54. Bc1 Bf5 55. Kf3 Bc2 (55... Bd7 56. Kf4
Be6 57. g6+ hxg6 58. h6) 56. Ke2 Bf5 57. Kd2 Bg4 58. g6+ (58. h6 $5) 58... hxg6
(58... Kg7 59. Kc3 $18) 59. h6 b4 60. axb4 Bd7 61. e6+ $1 Bxe6 62. b5 g5 63.
Kc3 g4 64. Kb4 $18 {(Dolmatov/Dvorecky)}) 37. Bd2 Kg7 38. Kg3 h6 $6 (38... Kf7
39. f4 Bc2 40. Kh4 Bd3 41. Kg5 Be2 42. f5 Bd1 43. Kh4 Bc2 44. fxe6+ Kxe6 45. g5
Kf7 46. Kg3 $18 {(Dolmatov/Dvorecki)}) 39. f4 Bc2 40. Kh4 a6 41. Kg3 Kf7 42.
Kh4 Bd3 43. f5 exf5 44. g5 hxg5+ 45. Kxg5 f4 46. Kxf4 Bc2 47. Kg5 Bd3 48. Kh6
Bf5 49. Bc3 $1 {Zugzwang} Bg4 (49... Be4 50. e6+) 50. Kg5 Be2 51. e6+ Kxe6 52.
Kg6 Bd3+ 53. Kg7 Kf5 54. h6 Kf4 55. h7 Bxh7 56. Kxh7 Ke3 57. Kg6 Kd3 58. Ba1
1-0

[Event "URS-ch56"]
[Site "Odessa"]
[Date "1989.??.??"]
[Round "?"]
[White "Sokolov, Andrei"]
[Black "Oll, Lembit"]
[Result "1/2-1/2"]
[WhiteElo "2595"]
[BlackElo "2550"]
[Annotator "Ftacnik,L"]
[PlyCount "65"]
[EventDate "1989.09.??"]
[EventType "tourn"]
[EventRounds "15"]
[EventCountry "URS"]
[EventCategory "13"]
[Source "ChessBase"]
[SourceDate "1999.07.01"]

1. e4 e5 2. Nf3 Nf6 3. Nxe5 d6 4. Nf3 Nxe4 5. d4 d5 6. Bd3 Bd6 7. O-O O-O 8. c4
c6 9. Nc3 Nxc3 10. bxc3 dxc4 11. Bxc4 Bg4 12. Qd3 Nd7 13. Ng5 Nf6 14. h3 Bh5
15. f4 h6 16. g4 hxg5 17. fxg5 b5 {'!' Ftacnik,L.} 18. Bb3 Nxg4 19. hxg4 Qd7 {
'[]!' Ftacnik,L.} (19... Bxg4 20. g6 $5 Qh4 21. Bf4 $16) 20. gxh5 Qg4+ 21. Kf2
Rae8 22. Rg1 Qh4+ 23. Kg2 Qh2+ 24. Kf1 Bf4 (24... Re1+ 25. Kxe1 Qxg1+ 26. Kd2
$16) 25. Qf3 Re1+ 26. Kxe1 Qxg1+ 27. Ke2 Bxc1 28. Rxc1 Qxc1 29. g6 Re8+ 30. Kd3
Qb1+ 31. Kd2 Qe1+ 32. Kd3 Qb1+ 33. Kd2 1/2-1/2

[Event "Helsinki HOSK op"]
[Site "Helsinki"]
[Date "1990.??.??"]
[Round "2"]
[White "Oll, Lembit"]
[Black "Pulkkinen, Kari"]
[Result "1-0"]
[WhiteElo "2570"]
[BlackElo "2285"]
[PlyCount "63"]
[EventDate "1990.??.??"]
[EventType "swiss"]
[EventRounds "5"]
[EventCountry "FIN"]
[Source "ChessBase"]
[SourceDate "1996.11.15"]

1. c4 Nf6 2. Nc3 c5 3. g3 Nc6 4. Bg2 e6 5. Nf3 d5 6. cxd5 exd5 7. d4 Be7 8. O-O
O-O 9. b3 Ne4 10. Bb2 Bf6 11. Na4 b6 12. Rc1 Ba6 13. dxc5 Bxb2 14. Nxb2 bxc5
15. Na4 Re8 16. Re1 Qe7 17. Nxc5 Nxc5 18. Qxd5 Nb4 19. Qxc5 Nxa2 20. Qxe7 Rxe7
21. Ra1 Nb4 22. Ra4 Rb8 23. Nd4 g6 24. Rea1 Bxe2 25. Re1 Nd3 26. Rxe2 Rxe2 27.
Nxe2 Rxb3 28. Rxa7 Rb1+ 29. Bf1 Ne1 30. Ra8+ Kg7 31. Nd4 Rd1 32. Re8 1-0

[Event "Helsinki HOSK op"]
[Site "Helsinki"]
[Date "1990.??.??"]
[Round "4"]
[White "Oll, Lembit"]
[Black "Karner, Hillar"]
[Result "1/2-1/2"]
[WhiteElo "2570"]
[BlackElo "2360"]
[PlyCount "50"]
[EventDate "1990.??.??"]
[EventType "swiss"]
[EventRounds "5"]
[EventCountry "FIN"]
[Source "ChessBase"]
[SourceDate "1996.11.15"]

1. e4 e6 2. d4 d5 3. Nd2 dxe4 4. Nxe4 Nd7 5. Nf3 Be7 6. Bd3 Ngf6 7. Qe2 Nxe4 8.
Bxe4 O-O 9. O-O a5 10. c3 a4 11. Rd1 Nf6 12. Bc2 b6 13. Ne5 Bb7 14. Rd3 a3 15.
b3 Qd5 16. f4 c5 17. Be3 cxd4 18. Rxd4 Qc5 19. Qd3 Rfc8 20. Rd7 Be4 21. Qd2
Qxc3 22. Qxc3 Rxc3 23. Bxe4 Nxe4 24. Bxb6 Rac8 25. Nc4 Bf8 1/2-1/2

[Event "Helsinki HOSK op"]
[Site "Helsinki"]
[Date "1990.??.??"]
[Round "5"]
[White "Vooremaa, Andres"]
[Black "Oll, Lembit"]
[Result "0-1"]
[WhiteElo "2380"]
[BlackElo "2570"]
[PlyCount "70"]
[EventDate "1990.??.??"]
[EventType "swiss"]
[EventRounds "5"]
[EventCountry "FIN"]
[Source "ChessBase"]
[SourceDate "1996.11.15"]

1. d4 Nf6 2. Nf3 e6 3. g3 c5 4. c3 b6 5. Bg2 Bb7 6. O-O Be7 7. a4 O-O 8. Na3 d5
9. Ne5 Nfd7 10. f4 Nc6 11. e3 Ndxe5 12. fxe5 Na5 13. Bd2 c4 14. Nc2 Nb3 15. Ra2
Bc6 16. Na1 Nxd2 17. Qxd2 Qd7 18. Qc2 f6 19. exf6 Bxf6 20. b4 cxb3 21. Qxb3 Bg5
22. Re1 Rac8 23. Nc2 Bb7 24. a5 Ba6 25. Qb2 Bc4 26. Ra3 bxa5 27. Rxa5 Rb8 28.
Qc1 Qf7 29. Nb4 Bd8 30. Ra1 a5 31. Nc2 Qf2+ 32. Kh1 Rb3 33. Ra3 Rxa3 34. Nxa3
Bd3 35. Nb1 a4 0-1

[Event "Helsinki SKF op"]
[Site "Helsinki"]
[Date "1990.??.??"]
[Round "?"]
[White "Oll, Lembit"]
[Black "Bandza, Algirdas"]
[Result "1-0"]
[WhiteElo "2570"]
[BlackElo "2380"]
[PlyCount "52"]
[EventDate "1990.??.??"]
[EventType "swiss"]
[EventRounds "5"]
[EventCountry "FIN"]
[Source "ChessBase"]
[SourceDate "1996.11.15"]

1. c4 Nf6 2. Nc3 e6 3. e4 d5 4. e5 Ne4 5. Nf3 Be7 6. d4 c5 7. cxd5 exd5 8. Bd3
Bf5 9. Qb3 Nc6 10. Qxd5 Qa5 11. Bxe4 Rd8 12. Qc4 Bxe4 13. b4 Nxb4 14. Nxe4 Nc2+
15. Ke2 Nxd4+ 16. Kf1 b5 17. Qd3 c4 18. Qb1 Qa4 19. Be3 Nxf3 20. gxf3 b4 21.
Kg2 O-O 22. Rc1 Qb5 23. Nd2 Rc8 24. Qf5 Rfd8 25. Ne4 Rc6 26. Rd1 Rxd1 1-0

[Event "Helsinki SKF op"]
[Site "Helsinki"]
[Date "1990.??.??"]
[Round "?"]
[White "Ornstein, Axel"]
[Black "Oll, Lembit"]
[Result "1/2-1/2"]
[WhiteElo "2445"]
[BlackElo "2570"]
[PlyCount "27"]
[EventDate "1990.??.??"]
[EventType "swiss"]
[EventRounds "5"]
[EventCountry "FIN"]
[Source "ChessBase"]
[SourceDate "1996.11.15"]

1. d4 Nf6 2. c4 e6 3. Nc3 Bb4 4. e3 c5 5. Nge2 d5 6. a3 Bxc3+ 7. Nxc3 cxd4 8.
exd4 dxc4 9. Bxc4 Nc6 10. d5 exd5 11. Nxd5 Be6 12. Nxf6+ Qxf6 13. Bxe6 Qxe6+
14. Be3 1/2-1/2

[Event "Helsinki SKF op"]
[Site "Helsinki"]
[Date "1990.??.??"]
[Round "?"]
[White "Pulkkinen, Kari"]
[Black "Oll, Lembit"]
[Result "0-1"]
[WhiteElo "2285"]
[BlackElo "2570"]
[PlyCount "56"]
[EventDate "1990.??.??"]
[EventType "swiss"]
[EventRounds "5"]
[EventCountry "FIN"]
[Source "ChessBase"]
[SourceDate "1996.11.15"]

1. e4 c5 2. Nf3 d6 3. d4 Nf6 4. Nc3 cxd4 5. Nxd4 a6 6. Be3 e6 7. g4 e5 8. Nf5
g6 9. g5 gxf5 10. exf5 d5 11. Qf3 d4 12. O-O-O Nbd7 13. Bxd4 exd4 14. Rxd4 Bc5
15. Rd2 Qc7 16. gxf6 Nxf6 17. Bc4 Be7 18. Bb3 O-O 19. Re1 Kh8 20. Qe3 Bd8 21.
Qd4 Bxf5 22. Re5 Bg6 23. Nd5 Qd6 24. f4 Rc8 25. f5 Bh5 26. Rg2 Bf3 27. Rg3 Bxd5
28. Bxd5 Bb6 0-1

[Event "Marchena"]
[Site "Marchena"]
[Date "1990.??.??"]
[Round "?"]
[White "Bass, Leonid"]
[Black "Oll, Lembit"]
[Result "1/2-1/2"]
[WhiteElo "2485"]
[BlackElo "2570"]
[PlyCount "42"]
[EventDate "1990.??.??"]
[EventType "tourn"]
[EventRounds "7"]
[EventCountry "ESP"]
[Source "ChessBase"]
[SourceDate "1999.11.16"]

1. d4 Nf6 2. c4 e6 3. Nc3 Bb4 4. Qc2 c5 5. dxc5 Qc7 6. a3 Bxc5 7. Nf3 a6 8. Bg5
Be7 9. e4 d6 10. Be2 Nbd7 11. O-O b6 12. Rfd1 Bb7 13. Rac1 O-O 14. b4 Rfe8 15.
Qd3 Rad8 16. Bh4 Ne5 17. Nxe5 dxe5 18. Qe3 a5 19. Bxf6 Bxf6 20. Nb5 Qc6 21. c5
bxc5 1/2-1/2

[Event "Marchena"]
[Site "Marchena"]
[Date "1990.??.??"]
[Round "?"]
[White "Montecatine Rios, Ricardo"]
[Black "Oll, Lembit"]
[Result "0-1"]
[WhiteElo "2300"]
[BlackElo "2570"]
[PlyCount "52"]
[EventDate "1990.??.??"]
[EventType "tourn"]
[EventRounds "7"]
[EventCountry "ESP"]
[Source "ChessBase"]
[SourceDate "1999.11.16"]

1. d4 Nf6 2. c4 e6 3. Nc3 Bb4 4. e3 O-O 5. Nge2 Re8 6. a3 Bf8 7. e4 d6 8. f3 a6
9. Be3 c6 10. g4 b5 11. b3 Nfd7 12. Ng3 d5 13. c5 e5 14. b4 a5 15. Be2 axb4 16.
axb4 Rxa1 17. Qxa1 Na6 18. Qb2 dxe4 19. Ncxe4 Nc7 20. O-O Nd5 21. Bf2 Nf4 22.
Nf5 exd4 23. Bxd4 Nxc5 24. Nh6+ gxh6 25. Bxc5 Bxc5+ 26. bxc5 Rxe4 0-1

[Event "Marchena"]
[Site "Marchena"]
[Date "1990.??.??"]
[Round "?"]
[White "Oll, Lembit"]
[Black "Franco Ocampos, Zenon"]
[Result "1-0"]
[WhiteElo "2570"]
[BlackElo "2475"]
[PlyCount "77"]
[EventDate "1990.??.??"]
[EventType "tourn"]
[EventRounds "7"]
[EventCountry "ESP"]
[Source "ChessBase"]
[SourceDate "1999.11.16"]

1. e4 c5 2. Nf3 Nc6 3. d4 cxd4 4. Nxd4 Nf6 5. Nc3 d6 6. Bg5 Bd7 7. Qd2 Rc8 8.
f4 h6 9. Bxf6 gxf6 10. O-O-O a6 11. Kb1 e6 12. g3 Qb6 13. Nb3 Be7 14. Bh3 Na5
15. Nxa5 Qxa5 16. Rhe1 Qh5 17. Bg2 Rc7 18. Re3 Bc6 19. f5 exf5 20. exf5 O-O 21.
Rde1 Bd8 22. Bxc6 Rxc6 23. g4 Qg5 24. Nd5 Bb6 25. Rd3 Qxd2 26. Nxf6+ Kh8 27.
Rxd2 Bd8 28. Ne8 Bh4 29. Re4 Kh7 30. Nxd6 Rd8 31. Red4 Bf6 32. Rd5 Rg8 33. h3
h5 34. gxh5 Rg3 35. c3 Rxh3 36. Nxf7 Rxh5 37. Rd7 Rb6 38. Rg2 Bxc3 39. Ng5+ 1-0

[Event "Marchena"]
[Site "Marchena"]
[Date "1990.??.??"]
[Round "?"]
[White "Oll, Lembit"]
[Black "Kudrin, Sergey"]
[Result "1-0"]
[WhiteElo "2570"]
[BlackElo "2565"]
[PlyCount "107"]
[EventDate "1990.??.??"]
[EventType "tourn"]
[EventRounds "7"]
[EventCountry "ESP"]
[Source "ChessBase"]
[SourceDate "1999.11.16"]

1. c4 c5 2. g3 g6 3. Bg2 Bg7 4. Nc3 Nc6 5. Rb1 b6 6. e3 Bb7 7. Nge2 Qc8 8. O-O
Ne5 9. d3 Bxg2 10. Kxg2 Qb7+ 11. e4 d6 12. a3 Nf6 13. b4 O-O 14. Bg5 h6 15.
Bxf6 Bxf6 16. Nd5 Bg7 17. f4 Ng4 18. Nec3 Nf6 19. Nxf6+ Bxf6 20. Nd5 Bd4 21. f5
e6 22. fxe6 fxe6 23. Nf4 Rf6 24. Qg4 Raf8 25. Nxg6 Qg7 26. Rxf6 Rxf6 27. Ne7+
Kf7 28. Qxg7+ Kxg7 29. Nc6 Rf2+ 30. Kh3 Ra2 31. bxc5 dxc5 32. Nxa7 Rxa3 33. Nc6
Rxd3 34. Rxb6 Rc3 35. Nd8 Rxc4 36. Nxe6+ Kh7 37. Kg4 Bc3 38. Kf5 Rb4 39. Rc6 c4
40. Rc7+ Kh8 41. Kg6 Rb8 42. Rxc4 Bd2 43. Rd4 Rg8+ 44. Kf7 Ba5 45. Rd5 Bb6 46.
Rd6 Bg1 47. Rd8 Rxd8 48. Nxd8 Bxh2 49. g4 Bf4 50. Ne6 Bd2 51. e5 Bc1 52. Nf8 h5
53. e6 Bg5 54. gxh5 1-0

[Event "Lvov zt"]
[Site "Lvov"]
[Date "1990.??.??"]
[Round "?"]
[White "Eingorn, Vereslav"]
[Black "Oll, Lembit"]
[Result "1-0"]
[WhiteElo "2570"]
[BlackElo "2570"]
[Annotator "Ftacnik,L"]
[PlyCount "101"]
[EventDate "1990.02.??"]
[EventType "swiss"]
[EventRounds "9"]
[EventCountry "URS"]
[Source "ChessBase"]
[SourceDate "1990.10.01"]

1. c4 c6 2. Nf3 Nf6 3. d4 d5 4. cxd5 cxd5 5. Nc3 Nc6 6. Bf4 Bf5 7. e3 e6 8. Ne5
Nd7 9. Nxc6 bxc6 10. Be2 Be7 11. O-O O-O 12. Rc1 c5 13. dxc5 {N} (13. Nb5 a6
14. Nd6 Bg6) 13... Nxc5 14. Nb5 g5 $2 (14... Qb6 15. b4 (15. Nd4 Bg6 16. b4
Qxb4 17. Nc6 Qb7 18. Nxe7+ Qxe7) 15... Ne4 16. a3 $14) 15. Bxg5 $1 Bxg5 16.
Rxc5 Qb6 17. Qc1 Bg6 18. b4 a5 19. Rc6 Qb7 20. Nc7 axb4 (20... Rac8 21. b5 $16
(21. bxa5 $5 $16)) 21. Nxa8 Rxa8 22. Rc7 Qb6 (22... Qb8 23. Qc6 {/\ Rc1}) 23.
Rc8+ Rxc8 24. Qxc8+ Kg7 25. Qa6 Qc5 26. Bd3 $1 Bf6 27. Bxg6 hxg6 28. Qd3 Qa5
29. Qb3 Bc3 30. h3 $6 (30. Rd1) 30... e5 31. Rd1 d4 32. exd4 exd4 33. Qc4 Qe5
34. Qd3 Qe6 35. Qc2 Qe5 36. Kf1 $5 (36. g3) 36... Qh2 37. Qe4 Qd6 38. g3 Qa6+
39. Qe2 Qc6 40. Kg1 Qd5 41. Rd3 f5 $6 (41... Qc4) 42. Rf3 Kf6 43. g4 $1 Bd2 44.
gxf5 gxf5 45. Qxd2 Qxf3 46. Qxd4+ Kg6 47. Qd6+ Kh5 48. Qxb4 Qxh3 49. Qf4 Qd3
50. a4 (50. Qh2+ Kg4 51. Qg3+ $2 Qxg3+ 52. fxg3 Kxg3 53. a4 Kf3 54. a5 Ke2 $10)
50... Qd5 51. Qh2+ {Ftacnik,L} (51. Qh2+ Kg5 52. Qg2+) 1-0

[Event "Lvov zt"]
[Site "Lvov"]
[Date "1990.??.??"]
[Round "?"]
[White "Minasian, Artashes"]
[Black "Oll, Lembit"]
[Result "1-0"]
[WhiteElo "2480"]
[BlackElo "2570"]
[Annotator "Knaak,R"]
[PlyCount "57"]
[EventDate "1990.02.??"]
[EventType "swiss"]
[EventRounds "9"]
[EventCountry "URS"]
[Source "ChessBase"]
[SourceDate "1990.10.01"]

1. e4 e6 2. d4 d5 3. Nc3 Bb4 4. e5 c5 5. a3 Bxc3+ 6. bxc3 Ne7 7. Qg4 O-O 8. Bd3
Nd7 $6 9. Nf3 f5 10. Qh3 Qa5 11. Bd2 Nb6 12. g4 $16 Nc4 13. Rg1 cxd4 14. gxf5
Nxf5 15. Bh6 $3 {Zeigt, daß Schwarz kaum etwas droht, während die Attacke am
Königsflügel nicht zu parieren ist.} Rf7 16. Bxg7 (16. Ke2 $1 g6 17. Rxg6+ hxg6
18. Rg1 $18 {Minasian}) 16... Rxg7 17. Rxg7+ Kxg7 18. Ke2 Qd8 19. Rg1+ Kh8 20.
Ng5 Qg8 $2 (20... Qe7 21. Bxc4 Bd7 22. Bd3 $16 {Minasian}) 21. Bxf5 exf5 22.
Qh4 $1 Be6 23. Nxh7 $1 Qxg1 24. Ng5+ Kg8 25. Qh7+ Kf8 26. Qh6+ Ke8 27. Qxe6+
Kd8 28. Qxd5+ Kc7 29. Ne6+ 1-0

[Event "Lvov zt"]
[Site "Lvov"]
[Date "1990.??.??"]
[Round "?"]
[White "Novikov, Igor"]
[Black "Oll, Lembit"]
[Result "1-0"]
[WhiteElo "2550"]
[BlackElo "2570"]
[Annotator "Schussler"]
[PlyCount "87"]
[EventDate "1990.02.??"]
[EventType "swiss"]
[EventRounds "9"]
[EventCountry "URS"]
[Source "ChessBase"]
[SourceDate "1990.10.01"]

1. d4 Nf6 2. c4 e6 3. Nf3 b6 4. g3 Ba6 5. b3 Bb4+ 6. Bd2 Be7 7. Bg2 c6 8. O-O
d5 9. Ne5 Nfd7 10. Nxd7 Nxd7 11. Bc3 O-O 12. Nd2 Rc8 13. e4 c5 14. exd5 exd5
15. dxc5 dxc4 16. c6 cxb3 17. Re1 Bb5 18. axb3 Bxc6 19. Bxc6 Rxc6 20. Rxa7 Rxc3
$2 $16 {20. - Bf6! = Novikov-Stempin, Polanica 1989.} 21. Nb1 Rc7 22. Rxc7 Qxc7
23. Rxe7 Rd8 24. Qd5 Qc1+ 25. Kg2 Rf8 26. Rxd7 Qxb1 27. Rd6 g6 28. Rxb6 Re8 29.
Rb4 Qe1 30. Rf4 Qe6 31. Qxe6 Rxe6 32. h4 Re2 33. Rf3 h6 34. Rd3 Kg7 35. Kf3 Rb2
36. Ke3 g5 37. hxg5 hxg5 38. g4 Kf6 39. Rd6+ Ke5 40. Rb6 Kd5 41. f3 Rb1 42. Kd3
Kc5 43. Rf6 Rxb3+ 44. Ke4 1-0